| 000 | 00827nam a2200241Ia 4500 | ||
|---|---|---|---|
| 003 | OSt | ||
| 005 | 20220926003735.0 | ||
| 006 | a|||||r|||| 00| 0 | ||
| 007 | ta | ||
| 008 | 220923b |||||||| |||| 00| 0 eng d | ||
| 020 |
_a9780199479290 _c595.00 |
||
| 037 |
_b270, 18/03/2019, CLASSIC BOOKS SERVICES _cGeneral Book |
||
| 040 |
_aRTL _cRTL _beng |
||
| 041 |
_2eng _aeng |
||
| 082 | _aY:341, Q8 | ||
| 100 |
_aBECHAIN Sheoraj Singh _9307717 |
||
| 245 | 0 | _aMy childhood on shoulders. Translated from Hindi by Deeba Zafir and Tapan Basu | |
| 260 |
_a New Delhi _bOxford University Press Ref. No. Oxford University Press _c2018 |
||
| 300 |
_axx, 254p _ccm. |
||
| 650 | _aSociology | ||
| 942 |
_hY:341, Q8 _cGB _2CC |
||
| 999 |
_c608753 _d608753 |
||